[Event "8ème Open Maubuée Gondoire Echecs"]
[Site "Centre Social et Culturel Geor"]
[Date "2008.03.08"]
[Round "4.5"]
[White "Cochet, Caroline"]
[Black "Thellier, Francis"]
[Result "1-0"]
[WhiteElo "2066"]
[BlackElo "2098"]
[PlyCount "105"]

1. e4 d6 2. c4 Nf6 3. Nc3 g6 4. g3 Bg7 5. Bg2 O-O 6. Nge2 c5 7. O-O Nc6 8. d3
e5 9. Rb1 Nd4 10. Nxd4 cxd4 11. Ne2 a5 12. f4 exf4 13. Bxf4 Ng4 14. h3 Ne5 15.
Nxd4 Qb6 16. Be3 Ng4 17. hxg4 Bxd4 18. Bxd4 Qxd4+ 19. Kh2 a4 20. Bh3 Ra5 21.
Qd2 Re5 22. Rbd1 h5 23. g5 Bxh3 24. Kxh3 Qb6 25. Qf2 Qd8 26. Qf6 Rxg5 27. Qxd8
Rxd8 28. Rf6 Re5 29. Rdf1 Rd7 30. b3 axb3 31. axb3 b5 32. Ra1 Kg7 33. Rf4 g5
34. Rf2 bxc4 35. bxc4 Rb7 36. Ra6 Re6 37. Rf5 Kg6 38. Rd5 g4+ 39. Kh4 f6 40.
Rxh5 Rb2 41. Kxg4 Rd2 42. Rd5 Re7 43. Kf3 Rb7 44. Rdxd6 Rb3 45. Ke3 Rg2 46.
Rxf6+ Kg7 47. Rg6+ Kf7 48. Raf6+ Ke7 49. e5 Ra2 50. Rg7+ Ke8 51. Rc6 Kf8 52.
Rh7 Kg8 53. Rd7 1-0

[Event "8ème Open Maubuée Gondoire Echecs"]
[Site "Centre Social et Culturel Geor"]
[Date "2008.03.08"]
[Round "4.6"]
[White "Rachid, Danial"]
[Black "Colson, Arnaud"]
[Result "0-1"]
[WhiteElo "1918"]
[BlackElo "2142"]
[PlyCount "50"]

1. e4 Nf6 2. e5 Nd5 3. d4 d6 4. Nf3 Bg4 5. Be2 c6 6. O-O Bxf3 7. Bxf3 dxe5 8.
dxe5 e6 9. c4 Ne7 10. Qe2 Ng6 11. b3 Nd7 12. Bb2 Qc7 13. Re1 Bb4 14. Nd2 Ndxe5
15. Rad1 O-O-O 16. Bxe5 Nxe5 17. Be4 Rd7 18. Rf1 Bxd2 19. Rxd2 Rxd2 20. Qxd2 h5
21. h3 Nd7 22. Re1 Nf6 23. Qg5 Nxe4 24. Qxg7 Rd8 25. Rxe4 Rd1+ 0-1

[Event "8ème Open Maubuée Gondoire Echecs"]
[Site "Centre Social et Culturel Geor"]
[Date "2008.03.08"]
[Round "4.7"]
[White "Amarger, Vincent"]
[Black "Bodin-Hullin, Thomas"]
[Result "1/2-1/2"]
[WhiteElo "2049"]
[BlackElo "1843"]
[PlyCount "72"]

1. e4 e6 2. Qe2 c5 3. Nc3 Nc6 4. Nf3 d6 5. g3 g6 6. Bg2 Bg7 7. O-O Nge7 8. d3
O-O 9. Nd1 b5 10. e5 dxe5 11. a4 b4 12. Ne3 Rb8 13. Nc4 Nd4 14. Qd1 Nec6 15.
Re1 Qc7 16. Nfd2 Ba6 17. c3 Nf5 18. Qc2 Rfd8 19. Ne4 Na5 20. Bg5 Rdc8 21. Bf1
Bxc4 22. dxc4 bxc3 23. bxc3 Nd6 24. Nxd6 Qxd6 25. Red1 Qc6 26. Rab1 a6 27. Rxb8
Rxb8 28. Bd8 Nb7 29. Bg2 Qc8 30. Bb6 Bf8 31. Ba7 Ra8 32. Bb6 Rb8 33. a5 Qe8 34.
Bxb7 Rxb7 35. Rd8 Qc6 36. Qd2 Kg7 1/2-1/2

[Event "8ème Open Maubuée Gondoire Echecs"]
[Site "Centre Social et Culturel Geor"]
[Date "2008.03.08"]
[Round "4.8"]
[White "Reubrez, Christophe"]
[Black "Heuveline, Gregory"]
[Result "0-1"]
[WhiteElo "1858"]
[BlackElo "2034"]
[PlyCount "68"]
[EventDate "2008.??.??"]

1. e4 e6 2. d4 d5 3. e5 c5 4. c3 Nc6 5. Nf3 Qb6 6. a3 a5 7. Be2 Bd7 8. O-O a4
9. Ra2 cxd4 10. cxd4 Na5 11. Nc3 Nb3 12. Be3 Ne7 13. Nd2 Nxd4 14. Bxd4 Qxd4 15.
Nf3 Qb6 16. Nd4 Nc6 17. Nf3 Qa5 18. b4 axb3 19. Qxb3 Be7 20. Rc1 Rb8 21. h3 O-O
22. Nb5 f6 23. exf6 Bxf6 24. Nd6 Qc7 25. Nb5 Qb6 26. a4 Ne5 27. Nfd4 Rbc8 28.
Re1 Nc4 29. Qd3 e5 30. Nc2 Bh4 31. g3 Qxf2+ 32. Kh1 Bxg3 33. Qxd5+ Kh8 34. Qg2
Bc6 0-1

[Event "8ème Open Maubuée Gondoire Echecs"]
[Site "Centre Social et Culturel Geor"]
[Date "2008.03.09"]
[Round "5.1"]
[White "Rrhioua, Tarik"]
[Black "Kirszenberg, Marc"]
[Result "0-1"]
[WhiteElo "2290"]
[BlackElo "2216"]
[PlyCount "128"]
[EventDate "2008.??.??"]

1. Nf3 d5 2. b3 Nf6 3. Bb2 Bf5 4. e3 e6 5. Be2 h6 6. O-O Be7 7. c4 O-O 8. Nc3
c6 9. d4 Nbd7 10. Nd2 a5 11. Bf3 Re8 12. Re1 Bh7 13. Qe2 Bf8 14. e4 dxe4 15.
Ndxe4 Nxe4 16. Nxe4 a4 17. Bc3 Nf6 18. Nc5 axb3 19. axb3 Qb6 20. Qb2 Bxc5 21.
dxc5 Qxc5 22. Bxf6 gxf6 23. Qxf6 Qg5 24. Qc3 Qe7 25. Re5 Rxa1+ 26. Qxa1 Rd8 27.
h3 Bc2 28. Qa5 Qf6 29. Re3 Qd4 30. Bd5 b6 31. Rg3+ Bg6 32. Rxg6+ fxg6 33. Bxe6+
Kh8 34. Qa3 Qd1+ 35. Kh2 Qd6+ 36. Qxd6 Rxd6 37. Bg4 c5 38. Bf3 Kg7 39. Be4 Rd4
40. f3 g5 41. Kg3 Kf6 42. Kg4 Rd2 43. f4 gxf4 44. Kxf4 Rb2 45. g4 Rxb3 46. h4
Rb4 47. g5+ hxg5+ 48. hxg5+ Ke7 49. Bd3 b5 50. Ke3 bxc4 51. Bc2 Kf7 52. Kd2 Ke6
53. g6 Rb7 54. Be4 Rd7+ 55. Kc3 Rd4 56. Bb1 Rg4 57. Bc2 Kd5 58. Bf5 Rg3+ 59.
Kd2 Kd4 60. Ke2 Kc3 61. Kf2 Rg5 62. Be4 Kd2 63. Kf3 c3 64. Kf4 Rg1 0-1

[Event "8ème Open Maubuée Gondoire Echecs"]
[Site "Centre Social et Culturel Geor"]
[Date "2008.03.09"]
[Round "5.2"]
[White "Nguyen, Thanh-Tong"]
[Black "Vieusses, Thierry"]
[Result "1-0"]
[WhiteElo "2343"]
[BlackElo "1499"]
[PlyCount "36"]
[EventDate "2008.??.??"]

1. d4 d5 2. Nf3 Nf6 3. c4 c6 4. Nc3 Bf5 5. Bf4 e6 6. a3 Ne4 7. e3 Bd6 8. Bg3
O-O 9. Rc1 Nf6 10. Be2 Nh5 11. Bxd6 Qxd6 12. cxd5 exd5 13. Nh4 Qd8 14. Nxf5 g6
15. Bxh5 Qg5 16. Ng3 gxh5 17. Qxh5 Qg6 18. Qxg6+ fxg6 1-0

[Event "8ème Open Maubuée Gondoire Echecs"]
[Site "Centre Social et Culturel Geor"]
[Date "2008.03.09"]
[Round "5.3"]
[White "Gaudin, Roger"]
[Black "Cochet, Caroline"]
[Result "0-1"]
[WhiteElo "1540"]
[BlackElo "2066"]
[PlyCount "66"]
[EventDate "2008.??.??"]

1. e4 c5 2. Nf3 Nc6 3. d4 cxd4 4. Nxd4 g6 5. Nc3 Bg7 6. Be3 Nf6 7. Bc4 d6 8.
Bb3 Ng4 9. Nde2 Nxe3 10. fxe3 O-O 11. O-O Ne5 12. Qd2 Bd7 13. Rf2 b5 14. a3 Nc4
15. Qe1 Bc6 16. Ba2 Qb6 17. Rf3 Bh6 18. Bxc4 bxc4 19. Nd5 Bxd5 20. exd5 Qc5 21.
Nc3 Bg7 22. Qd2 Rab8 23. Ne4 Qb5 24. Rb1 c3 25. Nxc3 Bxc3 26. Qxc3 Qxd5 27. Qd4
Qa5 28. Qe4 Qc7 29. b3 Qb7 30. Qxb7 Rxb7 31. a4 Rc8 32. c4 Rxc4 33. Rf2 Rxa4
0-1

[Event "8ème Open Maubuée Gondoire Echecs"]
[Site "Centre Social et Culturel Geor"]
[Date "2008.03.09"]
[Round "5.4"]
[White "Dourerassou, Cynthia"]
[Black "Clarac, Jean-Marie"]
[Result "0-1"]
[WhiteElo "1901"]
[BlackElo "2159"]
[PlyCount "78"]
[EventDate "2008.??.??"]

1. e4 c5 2. Nf3 e6 3. d4 cxd4 4. Nxd4 a6 5. Nc3 Qc7 6. Be3 Nf6 7. f3 Bb4 8. Bd2
O-O 9. Qe2 d6 10. g4 b5 11. O-O-O Nfd7 12. Kb1 Nc6 13. Nb3 Nde5 14. a3 Ba5 15.
Qf2 Bb6 16. Qg3 b4 17. axb4 Nxb4 18. f4 Nc4 19. Bxc4 Qxc4 20. Rhe1 Rb8 21. f5
Bc7 22. f6 Nxc2 23. fxg7 Rd8 24. Kxc2 Qxb3+ 25. Kd3 a5 26. Ke3 Qxb2 27. Kf2 Rb3
28. Kg1 Bb6+ 29. Kh1 Ba6 30. Rb1 Qxd2 31. Rxb3 Bf2 32. Rd1 Qc2 33. Qf3 Qxb3 34.
Qxf2 Qxc3 35. Rb1 Qd3 36. Re1 Rc8 37. Qb6 a4 38. Kg1 Qc3 39. Re3 Qc5 0-1

[Event "8ème Open Maubuée Gondoire Echecs"]
[Site "Centre Social et Culturel Geor"]
[Date "2008.03.09"]
[Round "5.5"]
[White "Colson, Arnaud"]
[Black "Silva, Francis"]
[Result "1-0"]
[WhiteElo "2142"]
[BlackElo "1973"]
[PlyCount "39"]
[EventDate "2008.??.??"]

1. d4 e6 2. c4 b6 3. Nc3 Bb4 4. e4 Bb7 5. f3 d6 6. Qa4+ Nc6 7. d5 Bxc3+ 8. bxc3
Qd7 9. dxc6 Bxc6 10. Qc2 Ne7 11. Bd3 e5 12. Ne2 f6 13. O-O O-O 14. Be3 g6 15.
f4 f5 16. Ng3 Rae8 17. exf5 Nxf5 18. Nxf5 gxf5 19. fxe5 Rxe5 20. Bd4 1-0

[Event "8ème Open Maubuée Gondoire Echecs"]
[Site "Centre Social et Culturel Geor"]
[Date "2008.03.09"]
[Round "5.6"]
[White "Bodin-Hullin, Thomas"]
[Black "You, Raymond"]
[Result "1/2-1/2"]
[WhiteElo "1843"]
[BlackElo "2130"]
[PlyCount "82"]
[EventDate "2008.??.??"]

1. d4 Nf6 2. Nf3 d5 3. c4 e6 4. Bg5 Be7 5. Nc3 Nbd7 6. e3 O-O 7. Rc1 h6 8. Bh4
b6 9. cxd5 exd5 10. Bd3 Bb7 11. O-O Rc8 12. Bb1 a6 13. Qd3 Ne4 14. Bxe7 Qxe7
15. Nd2 f5 16. f3 Nxd2 17. Qxd2 Rce8 18. Rfe1 b5 19. e4 fxe4 20. fxe4 dxe4 21.
Bxe4 Bxe4 22. Nxe4 Qf7 23. b3 Qd5 24. Nc3 Qd6 25. Ne4 Qg6 26. Nc5 Qd6 27. Ne4
Qd5 28. Nc3 Rxe1+ 29. Rxe1 Qf5 30. Ne4 Re8 31. Ng3 Rxe1+ 32. Qxe1 Qd5 33. Qe4
Nf6 34. Qxd5+ Nxd5 35. Ne4 Kf7 36. Kf2 Nb4 37. Nc5 Nxa2 38. Nxa6 c6 39. Nc5 Ke7
40. Ke3 Nb4 41. Ke4 Nd5 1/2-1/2

[Event "8ème Open Maubuée Gondoire Echecs"]
[Site "Centre Social et Culturel Geor"]
[Date "2008.03.09"]
[Round "5.7"]
[White "Heuveline, Gregory"]
[Black "Cailly, Eric"]
[Result "1-0"]
[WhiteElo "2034"]
[BlackElo "1840"]
[PlyCount "47"]
[EventDate "2008.??.??"]

1. d4 Nf6 2. Nf3 g6 3. Nbd2 Bg7 4. e4 d6 5. Bc4 O-O 6. c3 Nbd7 7. e5 dxe5 8.
dxe5 Nh5 9. e6 Nc5 10. exf7+ Rxf7 11. Bxf7+ Kxf7 12. O-O Nf4 13. Ne4 Qxd1 14.
Neg5+ Kg8 15. Rxd1 Nfe6 16. Nxe6 Bxe6 17. Be3 b6 18. Bd4 Rf8 19. Bxg7 Kxg7 20.
Nd4 Bf5 21. Nxf5+ gxf5 22. b4 Ne4 23. Rd7 Nxc3 24. Rxc7 1-0

[Event "8ème Open Maubuée Gondoire Echecs"]
[Site "Centre Social et Culturel Geor"]
[Date "2008.03.09"]
[Round "5.8"]
[White "Saliou, Jean-Yves"]
[Black "Farwagi, Fouad-Pierre"]
[Result "1-0"]
[WhiteElo "1990"]
[BlackElo "1750"]
[PlyCount "61"]
[EventDate "2008.??.??"]

1. f4 Nf6 2. Nf3 g6 3. Nc3 Bg7 4. e4 d6 5. d4 O-O 6. e5 dxe5 7. dxe5 Qxd1+ 8.
Kxd1 Rd8+ 9. Ke1 Nd5 10. Nxd5 Rxd5 11. Bc4 Rd8 12. Be3 e6 13. Kf2 Nc6 14. Rhd1
Bd7 15. Rd2 a6 16. Rad1 Be8 17. Nd4 Nb4 18. Nb3 Rxd2+ 19. Rxd2 b5 20. Be2 Bf8
21. Bf3 c6 22. Bc5 Nd5 23. Bxf8 Kxf8 24. g3 Ke7 25. Na5 Rd8 26. Nb7 Rb8 27. Nd6
Bd7 28. a3 Nb6 29. b4 Nc8 30. Nxf7 Kxf7 31. Rxd7+ 1-0

[Event "8ème Open Maubuée Gondoire Echecs"]
[Site "Centre Social et Culturel Geor"]
[Date "2008.03.09"]
[Round "6.1"]
[White "Rrhioua, Tarik"]
[Black "Nguyen, Thanh-Tong"]
[Result "0-1"]
[WhiteElo "2290"]
[BlackElo "2343"]
[PlyCount "126"]

1. Nf3 Nf6 2. b3 g6 3. Bb2 Bg7 4. g3 O-O 5. Bg2 c5 6. O-O Nc6 7. c4 d6 8. Nc3
a6 9. d4 Nd7 10. d5 Na5 11. Qc2 Rb8 12. a4 Nf6 13. Ra3 Bf5 14. Qd2 Qb6 15. Ba1
Qb4 16. Qa2 e6 17. Ne1 exd5 18. Bxd5 Rfe8 19. Bf3 h5 20. e3 Qb6 21. Ng2 Qb4 22.
Nf4 Be6 23. Nce2 Nd7 24. Bxg7 Kxg7 25. Qb2+ Ne5 26. Bd5 Bxd5 27. Nxd5 Naxc4 28.
Nxb4 Nxb2 29. Nd5 Nbd3 30. Rd1 Nb4 31. Nxb4 cxb4 32. Ra2 Red8 33. Kg2 Rbc8 34.
Rad2 Rc6 35. Rd4 Rc2 36. Nf4 Ng4 37. R1d2 Rxd2 38. Rxd2 Nf6 39. Rd4 a5 40. e4
Rc8 41. Ne2 Rc6 42. f4 Rc2 43. Kf3 Rb2 44. Rd3 Nxe4 45. Kxe4 Rxe2+ 46. Kd5 Rxh2
47. Kc4 Rc2+ 48. Kb5 Rc3 49. Rxd6 Rxb3 50. Kxa5 Rxg3 51. Rb6 b3 52. f5 g5 53.
f6+ Kg6 54. Rxb3 h4 55. Rxb7 h3 56. Rb8 g4 57. Rh8 Rb3 58. Ka6 Kxf6 59. a5 Kg5
60. Ka7 Kf4 61. a6 Kg3 62. Ka8 h2 63. a7 Ra3 0-1

[Event "8ème Open Maubuée Gondoire Echecs"]
[Site "Centre Social et Culturel Geor"]
[Date "2008.03.09"]
[Round "6.2"]
[White "Kirszenberg, Marc"]
[Black "Cochet, Caroline"]
[Result "1-0"]
[WhiteElo "2216"]
[BlackElo "2066"]
[PlyCount "55"]

1. d4 d5 2. c4 e6 3. Nc3 Nf6 4. cxd5 exd5 5. Bg5 Nbd7 6. e3 Bb4 7. Bd3 c5 8. a3
Bxc3+ 9. bxc3 Qa5 10. Ne2 c4 11. Bc2 Ne4 12. Bf4 O-O 13. f3 Nef6 14. O-O Nh5
15. Bg5 Re8 16. Qd2 Nhf6 17. Ng3 h6 18. Bf4 g5 19. Bd6 Nf8 20. e4 Ng6 21. e5
Qd8 22. Bxg6 fxg6 23. f4 g4 24. f5 g5 25. Rae1 Nh7 26. f6 Be6 27. Nf5 Bxf5 28.
Rxf5 1-0

[Event "8ème Open Maubuée Gondoire Echecs"]
[Site "Centre Social et Culturel Geor"]
[Date "2008.03.09"]
[Round "6.3"]
[White "Clarac, Jean-Marie"]
[Black "Heuveline, Gregory"]
[Result "1-0"]
[WhiteElo "2159"]
[BlackElo "2034"]
[PlyCount "115"]

1. c4 e6 2. g3 c6 3. Bg2 d5 4. d4 Nf6 5. Nf3 Bd6 6. b3 Ne4 7. O-O Nd7 8. Bb2
O-O 9. Nbd2 f5 10. Qc2 Nxd2 11. Qxd2 Qc7 12. c5 Be7 13. Bc1 e5 14. Nxe5 Nxe5
15. dxe5 Qxe5 16. Bb2 Qe6 17. e3 Bf6 18. Rfd1 Bd7 19. Bxf6 Rxf6 20. Qb4 Rb8 21.
Qa5 a6 22. Qc7 Qe8 23. Rd4 Qd8 24. Qxd8+ Rxd8 25. Rb4 Bc8 26. Rd1 Re8 27. Rdd4
Kf8 28. Kf1 Ke7 29. Ke1 Kd8 30. Kd2 Kc7 31. Kc3 g5 32. h4 h6 33. Bf1 Re4 34.
Bd3 Re7 35. Bc2 Rf8 36. Rd1 Rfe8 37. Rh1 Rh8 38. Rd4 g4 39. Rf4 Re5 40. Kd4
Rhe8 41. Bd3 h5 42. Rc1 Re4+ 43. Bxe4 dxe4 44. Rc4 Kd8 45. Kc3 Ke7 46. Rd4 Kf6
47. Rd6+ Be6 48. Kb4 Ke5 49. Ka5 Re7 50. Kb6 Rh7 51. Rd8 Re7 52. Rh8 Bf7 53.
Rb8 Be6 54. Rxb7 Rxb7+ 55. Kxb7 Kd5 56. b4 a5 57. bxa5 Kxc5 58. a6 1-0

[Event "8ème Open Maubuée Gondoire Echecs"]
[Site "Centre Social et Culturel Geor"]
[Date "2008.03.09"]
[Round "6.4"]
[White "Saliou, Jean-Yves"]
[Black "Colson, Arnaud"]
[Result "1/2-1/2"]
[WhiteElo "1990"]
[BlackElo "2142"]
[PlyCount "86"]

1. f4 d5 2. Nf3 Bg4 3. e3 Nd7 4. Be2 c6 5. b3 Bxf3 6. Bxf3 e5 7. O-O exf4 8.
exf4 Bd6 9. Bb2 f6 10. Re1+ Ne7 11. Ba3 Bxa3 12. Nxa3 O-O 13. c3 Ng6 14. g3
Qb6+ 15. Kg2 Rae8 16. Nc2 Nc5 17. d4 Ne4 18. f5 Ne7 19. Bxe4 dxe4 20. Rxe4 Nxf5
21. Qe2 Qd8 22. Re1 Qd5 23. c4 Qxe4+ 24. Qxe4 Rxe4 25. Rxe4 Kf7 26. Ne3 Nd6 27.
Rh4 Re8 28. Kf3 h6 29. g4 b6 30. Rh3 Ne4 31. Kg2 b5 32. d5 bxc4 33. bxc4 Ng5
34. Rg3 cxd5 35. cxd5 Rb8 36. Nc4 Rb4 37. Nd6+ Ke7 38. Nf5+ Kd7 39. a3 Rb2+ 40.
Kg1 g6 41. Nxh6 Rb1+ 42. Kg2 Rb2+ 43. Kg1 Rd2 1/2-1/2

[Event "8ème Open Maubuée Gondoire Echecs"]
[Site "Centre Social et Culturel Geor"]
[Date "2008.03.09"]
[Round "6.5"]
[White "Toulzac, Pierre-Yves"]
[Black "Bodin-Hullin, Thomas"]
[Result "1-0"]
[WhiteElo "2309"]
[BlackElo "1843"]
[PlyCount "63"]

1. d4 Nf6 2. c4 g6 3. Nc3 Bg7 4. e4 d6 5. Be2 O-O 6. g4 c5 7. d5 Nbd7 8. g5 Nh5
9. Bxh5 gxh5 10. Qxh5 Ne5 11. f4 Nxc4 12. f5 Ne5 13. Nge2 Nd3+ 14. Kd2 Nxc1 15.
Raxc1 b5 16. Rhg1 Bd7 17. f6 exf6 18. gxf6 Qxf6 19. Rcf1 Qe5 20. Rg5 f5 21.
exf5 Qf6 22. Ng3 Rae8 23. Qg4 b4 24. Nd1 Bb5 25. Nh5 Qh6 26. Rf2 Re4 27. Qg3
Rf7 28. Ne3 Kf8 29. f6 Bxf6 30. Nxf6 Rxf6 31. Rxf6+ Qxf6 32. Rf5 1-0

[Event "8ème Open Maubuée Gondoire Echecs"]
[Site "Centre Social et Culturel Geor"]
[Date "2008.03.09"]
[Round "6.6"]
[White "Vieira, Olivier"]
[Black "Nuding, Matthias"]
[Result "1-0"]
[WhiteElo "1800"]
[BlackElo "2181"]
[PlyCount "79"]

1. e4 d5 2. exd5 Qxd5 3. Nc3 Qa5 4. Bc4 Nf6 5. Nf3 c6 6. O-O Bg4 7. d3 e6 8.
Re1 Nbd7 9. Bf4 Qf5 10. Bg3 Bxf3 11. Qxf3 Qxf3 12. gxf3 Nb6 13. Bb3 Bb4 14. Re2
Bxc3 15. bxc3 Kd7 16. Be5 Nfd5 17. c4 Ne7 18. Rd1 Nf5 19. d4 Rad8 20. d5 exd5
21. cxd5 cxd5 22. c4 f6 23. Bc3 Rc8 24. Bb4 Rhe8 25. Rxe8 Kxe8 26. cxd5 Kd7 27.
a4 Nc4 28. a5 Nfd6 29. Ba4+ Ke7 30. Re1+ Kf7 31. Bd7 Rd8 32. Be6+ Kg6 33. f4 h6
34. Rc1 a6 35. f5+ Kg5 36. Rc3 Kf4 37. Kg2 Ke4 38. Rg3 Nxf5 39. Rg4+ Ke5 40.
Rxc4 1-0

[Event "8ème Open Maubuée Gondoire Echecs"]
[Site "Centre Social et Culturel Geor"]
[Date "2008.03.09"]
[Round "6.7"]
[White "You, Raymond"]
[Black "Reubrez, Christophe"]
[Result "1/2-1/2"]
[WhiteElo "2130"]
[BlackElo "1858"]
[PlyCount "117"]

1. d4 Nf6 2. Nf3 g6 3. Bg5 d6 4. Bxf6 exf6 5. e3 Bg7 6. Bd3 O-O 7. O-O Nc6 8.
a3 Bg4 9. Nbd2 a6 10. c4 Re8 11. Qb3 Rb8 12. h3 Bd7 13. Qc2 Ne7 14. b4 d5 15.
e4 dxe4 16. Nxe4 Bc8 17. d5 Bf5 18. Rad1 b5 19. d6 cxd6 20. Nxd6 Qxd6 21. Bxf5
Qc7 22. Bd3 Rbc8 23. Rc1 Qd6 24. Qb3 Bh6 25. Rcd1 Qb6 26. Rfe1 Nc6 27. c5 Qc7
28. a4 Rxe1+ 29. Rxe1 Rb8 30. axb5 axb5 31. Bf1 Qf4 32. Rb1 Kg7 33. g3 Qf5 34.
Rd1 Qe6 35. Qc3 Qe4 36. Nd4 Nxd4 37. Qxd4 Qxd4 38. Rxd4 Bc1 39. c6 Bb2 40. Rd7
Rc8 41. Bxb5 Bc3 42. Kg2 Bxb4 43. Kf3 Ba5 44. Ke2 Rc7 45. Rd1 f5 46. Kd3 Bb6
47. Rd2 Kf6 48. Kc4 Ke6 49. Ba4 Ra7 50. Bb3 Ke7 51. Kb5 Bd8 52. Bxf7 Rc7 53.
Bg8 Ke8 54. Bxh7 Rxh7 55. Rd6 g5 56. Rd5 f4 57. Re5+ Kf8 58. gxf4 gxf4 59. Rf5+
1/2-1/2

[Event "8ème Open Maubuée Gondoire Echecs"]
[Site "Centre Social et Culturel Geor"]
[Date "2008.03.09"]
[Round "6.8"]
[White "Oger, Philippe"]
[Black "Thellier, Francis"]
[Result "1-0"]
[WhiteElo "1810"]
[BlackElo "2098"]
[PlyCount "55"]

1. d4 Nf6 2. c4 g6 3. g3 Bg7 4. Nf3 O-O 5. Bg2 c5 6. O-O cxd4 7. Nxd4 Nc6 8.
Nc3 Rb8 9. b3 Nxd4 10. Qxd4 Ng4 11. Qd2 d6 12. Bb2 Qa5 13. Rad1 Qh5 14. h4 Bh6
15. Nd5 e5 16. Ne7+ Kh8 17. Qxd6 Bf5 18. Bf3 Bg7 19. Nxf5 gxf5 20. Bxg4 fxg4
21. Rd5 Rbe8 22. Rfd1 Re6 23. Qc7 Qf5 24. Ba3 Rfe8 25. Rd8 Qf6 26. Qc8 Rxd8 27.
Rxd8+ Bf8 28. Bxf8 1-0